000
00345nam a2200109Ia 4500
008
221009s9999 xx 000 0 und d
082
_a
920/DUT BOOK
100
_a
दत्त ,डॉ .उषा
_9
70067
245
0
_a
साबरमती के संत महात्मा गांधी
260
_b
जगतराम
942
_c
BK
999
_c
65061
_d
65061